Fundamental Accounting Principles (Record no. 5550)

MARC details
005 - DATE AND TIME OF LATEST TRANSACTION
control field 20250627083048.0
020 ## - INTERNATIONAL STANDARD BOOK NUMBER
International Standard Book Number 9780256209563
082 ## - DEWEY DECIMAL CLASSIFICATION NUMBER
Classification number 657 LAR
245 ## - TITLE STATEMENT
Title Fundamental Accounting Principles
250 ## - EDITION STATEMENT
Edition statement 8th Ed.
260 ## - PUBLICATION, DISTRIBUTION, ETC.
Place of publication, distribution, etc. New York
Name of publisher, distributor, etc. IRWIN
Date of publication, distribution, etc. 1996
300 ## - PHYSICAL DESCRIPTION
Extent xx,1264p.:ill.pictures,tables
Other physical details index
Dimensions 25cm.
700 ## - ADDED ENTRY--PERSONAL NAME
Other authors/Editors NELSON,M., ZIN,M & CARROLL,R.
942 ## - ADDED ENTRY ELEMENTS (KOHA)
Source of classification or shelving scheme Dewey Decimal Classification
Koha item type Books
Holdings
Date last seen Total checkouts Full call number Barcode Cost, replacement price Price effective from Koha item type Lost status Source of classification or shelving scheme Damaged status Not for loan Withdrawn status Home library Current library Shelving location Date acquired Source of acquisition Cost, normal purchase price
06/27/2025   657 LAR DOM000448 150000.00 06/27/2025 Books   Dewey Decimal Classification       CBE Dodoma CBE Dodoma General Collection 01/07/2000 Library budget 50000.00
06/27/2025   657 LAR DOM000441 150000.00 06/27/2025 Books   Dewey Decimal Classification       CBE Dodoma CBE Dodoma General Collection 01/07/2000 Library budget 50000.00
06/27/2025   657 LAR DOM000442 150000.00 06/27/2025 Books   Dewey Decimal Classification       CBE Dodoma CBE Dodoma General Collection 01/07/2000 Library budget 50000.00
06/27/2025   657 LAR DOM000444 150000.00 06/27/2025 Books   Dewey Decimal Classification       CBE Dodoma CBE Dodoma General Collection 01/07/2000 Library budget 50000.00
06/27/2025   657 LAR DOM000434 150000.00 06/27/2025 Books   Dewey Decimal Classification       CBE Dodoma CBE Dodoma General Collection 01/07/2000 Library budget 50000.00
06/27/2025   657 LAR DOM000435 150000.00 06/27/2025 Books   Dewey Decimal Classification       CBE Dodoma CBE Dodoma General Collection 01/07/2000 Library budget 50000.00
06/27/2025   657 LAR DOM000393 150000.00 06/27/2025 Books   Dewey Decimal Classification       CBE Dodoma CBE Dodoma General Collection 01/07/2000 Library budget 50000.00